LEADER 01279nam 2200373 450 001 9910671584103321 005 20220918113745.0 010 $a958-774-893-X 035 $a(CKB)4100000011259031 035 $a(NjHacI)994100000011259031 035 $a(EXLCZ)994100000011259031 100 $a20220918d2020 uy 0 101 0 $aeng 135 $aur||||||||||| 181 $ctxt$2rdacontent 182 $cc$2rdamedia 183 $acr$2rdacarrier 200 00$aDifferent resources, different conflicts? $ethe subnational political economy of armed conflict and crime in Colombia /$fAngelika Rettberg [and three others] (eds.) 210 1$aBogota?, D.C., Colombia :$cUniversidad de los Andes, Colombia,$d[2020] 210 4$dİ2020 215 $a1 online resource (vii, 389 pages) $cillustrations 311 $a958-774-892-1 320 $aIncludes bibliographical references. 517 $aDifferent Resources, Different Conflicts? 517 $aDifferent resorces, different conflicts? 607 $aColombia$xEconomic policy 676 $a338.9861 702 $aRettberg$b Angelika 801 0$bNjHacI 801 1$bNjHacl 906 $aBOOK 912 $a9910671584103321 996 $aDifferent resources, different conflicts$93042813 997 $aUNINA LEADER 01951oam 2200505M 450 001 9910715828903321 005 20191123062430.9 035 $a(CKB)5470000002515798 035 $a(OCoLC)1062806621 035 $a(OCoLC)995470000002515798 035 $a(EXLCZ)995470000002515798 100 $a20070221d1862 ua 0 101 0 $aeng 135 $aurcn||||||||| 181 $ctxt$2rdacontent 182 $cc$2rdamedia 183 $acr$2rdacarrier 200 10$aByington vs. Vandever. Additional papers by the contestant in the Iowa contested election case of Byington vs. Vandever. February 5, 1862. -- Referred to the Committee of Elections, and ordered to be printed 210 1$a[Washington, D.C.] :$c[U.S. Government Printing Office],$d1862. 215 $a1 online resource (9 pages) 225 1 $aMis. doc. / 37th Congress, 2nd session. House ;$vno. 37 225 1 $a[United States congressional serial set ] ;$v[serial no. 1141] 300 $aBatch processed record: Metadata reviewed, not verified. Some fields updated by batch processes. 300 $aFDLP item number not assigned. 606 $aElections$zUnited States 606 $aContested elections 606 $aElection law 606 $aLegislators$zUnited States 606 $aArmed Forces$xOfficers 606 $aConstitutional law 608 $aLegislative materials.$2lcgft 615 0$aElections 615 0$aContested elections. 615 0$aElection law. 615 0$aLegislators 615 0$aArmed Forces$xOfficers. 615 0$aConstitutional law. 801 0$bWYU 801 1$bWYU 801 2$bOCLCO 801 2$bOCLCQ 906 $aBOOK 912 $a9910715828903321 996 $aByington vs. Vandever. Additional papers by the contestant in the Iowa contested election case of Byington vs. Vandever. February 5, 1862. -- Referred to the Committee of Elections, and ordered to be printed$93301444 997 $aUNINA